Making sense of online learning : a guide for the beginners and the truly skeptical /
Đã lưu trong:
| Tác giả chính: | |
|---|---|
| Tác giả khác: | |
| Định dạng: | Sách giấy |
| Được phát hành: |
San Francisco :
Jossey-Bass,
c2004.
|
| Những chủ đề: | |
| Truy cập trực tuyến: | Table of contents Contributor biographical information Publisher description |
| Các nhãn: |
Thêm thẻ
Không có thẻ, Là người đầu tiên thẻ bản ghi này!
|
| Thư viện lưu trữ: | Thư viện Trường Đại học Đà Lạt |
|---|
| LEADER | 01336nam a2200397 4500 | ||
|---|---|---|---|
| 001 | DLU080062951 | ||
| 005 | ##20080808 | ||
| 008 | ##040106s2004 cau b 001 0 eng | ||
| 010 | # | # | |a 2003028271 |
| 020 | # | # | |a 0787969826 (alk. paper) |
| 040 | # | # | |a DLC |c DLC |d DLC |
| 042 | # | # | |a pcc |
| 050 | # | # | |a LB1044.87 |b .S517 2004 |
| 082 | # | # | |a 371.334 |b SH-P |
| 100 | # | # | |a Shank, Patti, |d 1954- |
| 245 | # | # | |a Making sense of online learning : |b a guide for the beginners and the truly skeptical / |c Patti Shank and Amy Sitze. |
| 260 | # | # | |a San Francisco : |b Jossey-Bass, |c c2004. |
| 263 | # | # | |a 0404 |
| 300 | # | # | |a 162 p. ; |c 24 cm. |
| 504 | # | # | |a Includes bibliographical references and index. |
| 650 | # | # | |a Computer-assisted instruction. |
| 650 | # | # | |a Internet in education. |
| 700 | # | # | |a Sitze, Amy, |d 1971- |
| 856 | # | # | |3 Table of contents |u http://www.loc.gov/catdir/toc/ecip0413/2003028271.html |
| 856 | # | # | |3 Contributor biographical information |u http://www.loc.gov/catdir/bios/wiley046/2003028271.html |
| 856 | # | # | |3 Publisher description |u http://www.loc.gov/catdir/description/wiley041/2003028271.html |
| 923 | # | # | |a 10/2008 |
| 992 | # | # | |a 9000 |
| 994 | # | # | |a DLU |
| 900 | # | # | |a True |
| 911 | # | # | |a Đào Thị Thu Huyền |
| 925 | # | # | |a G |
| 926 | # | # | |a A |
| 927 | # | # | |a SH |
| 980 | # | # | |a Thư viện Trường Đại học Đà Lạt |


